The Mutual review of development effectiveness in Africa : promise & performance 2012.
| Corporate Author: | |
|---|---|
| Format: | Book |
| Published: |
[S.l]:
UNECA,
2012.
|
| Subjects: |
| LEADER | 00476cam a2200145 7i4500 | ||
|---|---|---|---|
| 001 | 0000029375 | ||
| 005 | 20130415090000.0 | ||
| 090 | 0 | 0 | |a AFRI 338.91 |b ECO |
| 110 | 2 | 0 | |a Economic Commission for Africa |
| 245 | 2 | 4 | |a The Mutual review of development effectiveness in Africa : |b promise & performance 2012. |
| 260 | 0 | 0 | |a [S.l]: |b UNECA, |c 2012. |
| 300 | # | # | |a 70 p. |
| 650 | 0 | 0 | |a Development effectiveness -- |z Africa |
| 651 | 0 | 0 | |a Africa |
| 999 | |a 0000032133 |b Book |c Regions |e Business Information Centre | ||